Snooker professional players 2024-25 season - Statistics

General Stats
  • This quiz has been taken 215 times
  • The average score is 50 of 127
Answer Stats
No. Qualified Reason Name % Correct
5 2 Years Top 64 Ronnie O'Sullivan
100%
2 2 Years Top 64 Judd Trump
99%
28 2 Years Top 64 Neil Robertson
99%
49 2 Years Top 64 Jimmy Robertson
97%
6 2 Years Top 64 Mark Selby
97%
9 2 Years Top 64 Mark Williams
97%
16 2 Years Top 64 John Higgins
94%
3 2 Years Top 64 Kyren Wilson
93%
36 2 Years Top 64 Robbie Williams
93%
11 2 Years Top 64 Gary Wilson
92%
8 2 Years Top 64 Ding Junhui
88%
4 2 Years Top 64 Luca Brecel
88%
1 2 Years Top 64 Mark Allen
87%
7 2 Years Top 64 Shaun Murphy
87%
14 2 Years Top 64 Jak Jones
81%
25 2 Years Top 64 Stuart Bingham
81%
41 2 Years Top 64 Jamie Jones
80%
113 Q Tour Duane Jones
79%
10 2 Years Top 64 Ali Carter
78%
88 Tour Card 2023 Jimmy White
78%
65 Tour Card 2023 He Guoqiang
76%
77 Tour Card 2023 Ma Hailong
74%
55 2 Years Top 64 Michael White
74%
15 2 Years Top 64 Barry Hawkins
73%
127 Invitational Tour Card Ken Doherty
72%
58 2 Years Top 64 Xu Si
71%
20 2 Years Top 64 Si Jiahui
70%
54 2 Years Top 64 Graeme Dott
66%
19 2 Years Top 64 Jack Lisowski
64%
68 Tour Card 2023 Marco Fu
64%
31 2 Years Top 64 Stephen Maguire
62%
12 2 Years Top 64 Zhang Anda
59%
57 2 Years Top 64 Mark Davis
53%
48 2 Years Top 64 Matthew Stevens
53%
21 2 Years Top 64 Hossein Vafaei
52%
17 2 Years Top 64 Robert Milkins
51%
18 2 Years Top 64 Ryan Day
49%
34 2 Years Top 64 Xiao Guodong
49%
23 2 Years Top 64 Zhou Yuelong
47%
32 2 Years Top 64 Anthony McGill
46%
24 2 Years Top 64 Chris Wakelin
46%
22 2 Years Top 64 David Gilbert
44%
33 2 Years Top 64 Ricky Walden
44%
47 2 Years Top 64 Joe Perry
43%
37 2 Years Top 64 Matthew Selt
43%
13 2 Years Top 64 Tom Ford
43%
39 2 Years Top 64 Wu Yize
42%
92 Tour Card 2023 Reanne Evans
41%
40 2 Years Top 64 Dominic Dale
40%
45 2 Years Top 64 Jackson Page
39%
26 2 Years Top 64 Noppon Saengkham
39%
27 2 Years Top 64 Pang Junxu
39%
43 2 Years Top 64 Thepchaiya Un-Nooh
39%
29 2 Years Top 64 Joe O'Connor
38%
101 Q School Allan Taylor
37%
86 Tour Card 2023 Stan Moody
37%
122 APSBF Asia Pacific Champion Lei Peifan
34%
112 Q Tour Michael Holt
34%
51 2 Years Top 64 Scott Donaldson
32%
82 Tour Card 2023 Andrew Higginson
31%
53 2 Years Top 64 Anthony Hamilton
30%
70 Tour Card (Medical Extension) Martin Gould
30%
97 23/24 Ranking Oliver Lines
30%
103 Q School Wang Yuchen
30%
118 WWS Qualifiers (Champion) Bai Yulu
28%
56 2 Years Top 64 Ben Woollaston
28%
44 2 Years Top 64 Jordan Brown
28%
42 2 Years Top 64 Elliot Slessor
27%
99 23/24 Ranking Ben Mertens
26%
78 Tour Card 2023 Jiang Jun
26%
73 Tour Card 2023 Long Zehuang
26%
125 CBSA China Tour Gong Chenzhi
24%
59 2 Years Top 64 Jamie Clarke
24%
120 EBSA European Champion Liam Davies
24%
30 2 Years Top 64 Lyu Haotian
24%
60 2 Years Top 64 Aaron Hill
23%
117 WSF Junior Champion Bulcsu Revesz
23%
108 Asia/Oceania Q School Sunny Akani
23%
50 2 Years Top 64 Fan Zhengyi
22%
104 Q School Antoni Kowalski
21%
100 Q School Artemijs Zizins
21%
35 2 Years Top 64 Cao Yupeng
21%
89 Tour Card 2023 Liam Graham
21%
81 Tour Card 2023 Liam Pullen
21%
38 2 Years Top 64 Yuan Sijun
21%
116 WSF Open Champion Ka Wai Cheung
20%
119 WWS Qualifiers (Ranking) Mink Nutcharut
20%
76 Tour Card 2023 Xing Zihao
20%
98 23/24 Ranking Zak Surety
20%
96 23/24 Ranking Julien Leclercq
19%
109 Asia/Oceania Q School Kok Leong Lim
19%
67 Tour Card 2023 Liu Hongyu
19%
62 2 Years Top 64 Sanderson Lam
19%
52 2 Years Top 64 Tian Pengfei
19%
95 Tour Card 2023 Baipat Siripaporn
18%
84 Tour Card 2023 Chuan Leong Thor
18%
66 Tour Card 2023 Daniel Wells
18%
74 Tour Card 2023 Ian Burns
18%
85 Tour Card 2023 Alexander Ursenbacher
17%
61 2 Years Top 64 David Grace
17%
64 2 Years Top 64 David Lilley
17%
90 Tour Card 2023 Dean Young
17%
80 Tour Card 2023 Ishpreet Singh Chadha
17%
72 Tour Card 2023 Stuart Carrington
17%
63 2 Years Top 64 Martin O'Donnell
16%
121 EBSA European U21 Champion Robbie McGuigan
16%
79 Tour Card 2023 Alfie Burden
14%
107 Q School Mitchell Mann
14%
94 Tour Card 2023 Ahmed Aly Elsayed
13%
126 CBSA China Tour Huang Jiahao
13%
123 PABSA Americas Champion Jonas Luz
13%
87 Tour Card 2023 Andrew Pagett
12%
69 Tour Card 2023 Ashley Carty
11%
83 Tour Card 2023 Hammad Miah
11%
111 Asia/Oceania Q School Haris Tahir
11%
114 Q Tour Amir Sarkhosh
10%
124 ABSC African Champion Hatem Yassen
10%
110 Asia/Oceania Q School Kreishh Gurbaxani
10%
115 Q Tour Mohamed Shehab
10%
91 Tour Card 2023 Mostafa Dorgham
10%
46 2 Years Top 64 Sam Craigie
10%
105 Q School Chris Totten
9%
106 Q School Farakh Ajaib
9%
102 Q School Haydon Pinhey
9%
93 Tour Card 2023 Manasawin Phetmalaikul
9%
75 Tour Card 2023 Ross Muir
9%
71 Tour Card 2023 Louis Heathcote
8%
No matching quizzes found
Score Distribution
Percent of People with Each Score
Percentile by Number Answered
Your Score History
You have not taken this quiz